Xà phòng và các chất tẩy giặt tổng hợp

Wedi'i Gadw mewn:
Manylion Llyfryddiaeth
Prif Awdur: Nguyễn Quốc Tín
Fformat: Llyfr
Iaith:Undetermined
Cyhoeddwyd: Hà Nội KHKT 1984
Pynciau:
Tagiau: Ychwanegu Tag
Dim Tagiau, Byddwch y cyntaf i dagio'r cofnod hwn!
Thư viện lưu trữ: Trung tâm Học liệu Trường Đại học Cần Thơ
LEADER 00590nam a2200181Ia 4500
001 CTU_11466
008 210402s9999 xx 000 0 und d
082 |a 668.14 
082 |b T311 
100 |a Nguyễn Quốc Tín 
245 0 |a Xà phòng và các chất tẩy giặt tổng hợp 
245 0 |c Nguyễn Quốc Tín, Đỗ Phổ 
260 |a Hà Nội 
260 |b KHKT 
260 |c 1984 
650 |a chemistry, technical,cleaning compounds,detergents, synthetic 
904 |i Minh, 961023 
980 |a Trung tâm Học liệu Trường Đại học Cần Thơ